| 000 -LEADER |
| fixed length control field |
00665nam a22002057a 4500 |
| 008 - FIXED-LENGTH DATA ELEMENTS--GENERAL INFORMATION |
| fixed length control field |
131107b xxu||||| |||| 00| 0 ger d |
| 020 ## - INTERNATIONAL STANDARD BOOK NUMBER |
| International Standard Book Number |
3425016105 |
| 041 0# - LANGUAGE CODE |
| Language code of text/sound track or separate title |
ger |
| 080 ## - UNIVERSAL DECIMAL CLASSIFICATION NUMBER |
| Universal Decimal Classification number |
331.107.2 KIE |
| 100 ## - Rafti |
| Rafti |
Kieven, Gert ; Nitzschke, Volker ; Tiefenbach, Ingrid ; |
| 245 ## - TITLE STATEMENT |
| Title |
Arbeitslehre / |
| Statement of responsibility, etc |
Gert Kieven ; Volker Nitzschke ; Ingrid Tiefenbach . |
| 260 ## - |
| -- |
Frankfurt am Main : |
| -- |
Verlag Moritz Diesterweg GmbH & Co ; |
| -- |
c1995. |
| 300 ## - |
| -- |
192 f. : |
| -- |
me il. me ngjyra. ; |
| -- |
24 cm. |
| 650 ## - |
| -- |
Puna |
| 700 ## - |
| -- |
Kieven, Gert ; |
| 700 ## - |
| -- |
Nitzschke, Volker ; |
| 700 ## - |
| -- |
Tiefenbach, Ingrid ; |
| 700 ## - |
| -- |
Wöhleke, Birgit ; |
| 942 ## - ADDED ENTRY ELEMENTS (KOHA) |
| Source of classification or shelving scheme |
|
| Item type |
Books |